|
|
|
|
| LEADER |
00000cam a22000004a 4500 |
| 001 |
musev2_68355 |
| 003 |
MdBmJHUP |
| 005 |
20230905051046.0 |
| 006 |
m o d |
| 007 |
cr||||||||nn|n |
| 008 |
190130t20192019nyu o 00 0 eng d |
| 010 |
|
|
|z 2019004774
|
| 020 |
|
|
|a 9781501740060
|
| 020 |
|
|
|z 9781501740077
|
| 020 |
|
|
|z 9781501740053
|
| 020 |
|
|
|z 9781501740046
|
| 035 |
|
|
|a (OCoLC)1084642548
|
| 040 |
|
|
|a MdBmJHUP
|c MdBmJHUP
|
| 100 |
1 |
|
|a Martin, Jeffrey T.,
|e author.
|
| 245 |
1 |
0 |
|a Sentiment, Reason, and Law :
|b Policing in the Republic of China on Taiwan /
|c Jeffrey T. Martin.
|
| 264 |
|
1 |
|a Ithaca [New York] :
|b Cornell University Press,
|c 2019.
|
| 264 |
|
3 |
|a Baltimore, Md. :
|b Project MUSE,
|c 2021
|
| 264 |
|
4 |
|c ©2019.
|
| 300 |
|
|
|a 1 online resource (186 pages).
|
| 336 |
|
|
|a text
|b txt
|2 rdacontent
|
| 337 |
|
|
|a computer
|b c
|2 rdamedia
|
| 338 |
|
|
|a online resource
|b cr
|2 rdacarrier
|
| 490 |
0 |
|
|a Police/worlds : studies in security, crime, and governance
|
| 505 |
0 |
|
|a Backstage passage -- The paichusuo and the jurisdiction of qing -- Policing and the politics of care -- Administrative repair -- Holding things together -- Strong democracy, weak police.
|
| 520 |
|
|
|a "The Republic of China on Taiwan spent nearly four decades as a single-party state under dictatorial rule (1949-1987) before transitioning to liberal democracy. This book describes the social life of a neighborhood police station during the first rotation in executive power following the democratic transition"--
|c Provided by publisher.
|
| 588 |
|
|
|a Description based on print version record.
|
| 650 |
|
7 |
|a Police.
|2 fast
|0 (OCoLC)fst01068398
|
| 650 |
|
7 |
|a Law enforcement
|x Political aspects.
|2 fast
|0 (OCoLC)fst00993972
|
| 650 |
|
7 |
|a SOCIAL SCIENCE
|x Anthropology
|x Cultural.
|2 bisacsh
|
| 650 |
|
0 |
|a Law enforcement
|x Political aspects
|z Taiwan.
|
| 650 |
|
0 |
|a Police
|z Taiwan.
|
| 651 |
|
7 |
|a Taiwan.
|2 fast
|0 (OCoLC)fst01207854
|
| 655 |
|
7 |
|a Electronic books.
|2 local
|
| 710 |
2 |
|
|a Project Muse.
|e distributor
|
| 830 |
|
0 |
|a Book collections on Project MUSE.
|
| 856 |
4 |
0 |
|z Texto completo
|u https://projectmuse.uam.elogim.com/book/68355/
|
| 945 |
|
|
|a Project MUSE - Custom Collection
|
| 945 |
|
|
|a Project MUSE - 2019 Complete Supplement
|
| 945 |
|
|
|a Project MUSE - 2019 Archaeology and Anthropology Supplement
|
| 945 |
|
|
|a Project MUSE - 2019 Asian and Pacific Studies Supplement
|